00752nam a2200217Ia 4500008004100000100001900041245012000060260001100180300001900191440005800210521000900268650002800277650001800305650001800323650002900341650002400370650003000394942000700424999001900431952008400450140626s9999 xx 000 0 und d aKoh, Meng Hoe. aExploring the affordances of mindmeister for collaborative learning :b a pilot study /cMeng Hoe Koh ... [et al.]. cc2009. a1 : 2, page 66 aThe Asian Journal of Educational Research and Synergy aSPED aCollaborative learning. aMind mapping. aMind meister. aPedagogical affordances. aSocial affordances. aTechnological affordance. cSE c120933d120933 001040aCLbCLcPERd2014-06-26l0pS0041r2014-06-26 00:00:00w2014-06-26ySE